Statistiques concernant Pays où l'homosexualité est un crime

Cliquez ici pour prendre le quiz!

Statistiques générales

  • Ce quiz a été pris 553 fois
  • Le résultat moyen est 37 sur 68

Statistiques - réponses

PeinePays% Correct
2 ans de prison
Algérie
93%
3 ans de prison
Maroc
92%
Prison à vie à Peine de mort
Arabie Saoudite
88%
3 ans de prison
Tunisie
87%
74 coups de fouet et Peine de mort
Iran
86%
17 ans de prison
Égypte
81%
7 ans de prison/ Peine de mort
Qatar
81%
Peine de mort
Afghanistan
80%
2 ans de prison/Peine de mort
Pakistan
78%
1 à 7 ans de prison/Peine de mort
Yémen
77%
1 à 5 ans de prison
Sénégal
76%
7 ans de prison
Soudan
76%
3 ans de prison
Syrie
76%
3 ans de prison
Oman
73%
10 à 14 ans de prison
Émirats Arabes Unis
73%
3 ans de prison
Libye
73%
Seulement musulmans dans quelques provinces: 100 coups de fouet et 100 mois de prison
Indonésie
72%
14 ans de prison/Peine de mort
Nigeria
72%
3 ans de prison
Somalie
71%
Peine de mort
Mauritanie
69%
3 ans de prison
Éthiopie
65%
6 mois à 3 ans de prison
Guinée
63%
10 ans de prison
Soudan du Sud
63%
AmendeTchad
63%
Seulement hommes: 6 ans de prison
Koweït
61%
Seulement hommes: 2 à 20 ans de prison
Malaisie
60%
3 ans de prison
Ouzbékistan
60%
Seulement hommes: 2 ans de prison
Turkménistan
60%
3 ans de prison
Togo
59%
5 ans de prison
Cameroun
58%
14 ans de prison
Kenya
58%
Seulement hommes
Zimbabwe
56%
10 ans de prison à prison à vie
Bangladesh
55%
10 ans de prison
Ghana
54%
Prison à vie
Tanzanie
54%
3 ans de prison
Erythree
53%
14 ans de prison
Zambie
53%
Prison à vie
Gambie
52%
14 ans de prison
Ouganda
52%
5 ans de prison
Comores
51%
Seulement hommes (Pas de peine)
Namibie
48%
Peine de mort
Brunei
47%
3 mois à 2 ans de prison
Burundi
47%
1 an de prison
Liberia
45%
14 ans de prison (suspendues depuis 2012)
Malawi
44%
Seulement musulmans de la ville de Marawi: Amende
Philippines
44%
9 mois à 1 an de prison
Maldives
43%
Seulement hommes: Prison à vie
Sierra Leone
43%
Prison à vie
Birmanie
42%
Seulement hommes (Amendes surtout)
Eswatini
41%
10 ans de prison
Sri Lanka
41%
Seulement hommes: 2 ans de prison
Singapour
40%
Seulement hommes: 3 à 14 ans de prison
Papouasie Nouvelle-Guinée
34%
Seulement hommes: 10 ans de prison
Tonga
30%
10 ans de travail forcé
Jamaïque
28%
14 ans de prison
Salomon
28%
Seulement hommes: 7 ans de prison
Samoa
28%
Seulement hommes: 14 ans de prison
Tuvalu
28%
Seulement hommes: 3 à 14 ans de prison
Kiribati
27%
Prison à vie
Barbade
26%
Seulement hommes: 10 ans de prison
Sainte-Lucie
25%
10 ans de prison
Grenade
24%
Prison à vie
Guyana
24%
10 ans de prison
Saint-Vincent-et-les-Grenadines
24%
Seulement hommes: 10 ans de prison
Palestine (Bande de Gaza)
23%
Seulement hommes: 10 ans de prison
Saint-Christophe-et-Niévès
23%
15 ans de prison
Antigua-et-Barbuda
22%
10 ans de prison
Dominique
22%

Distribution des résultats

Percentile par nombre de réponses

% des personnes avec chaque résultat

Votre développement - résultats

Vous n’avez pas pris ce quiz